000 00406 a2200145 4500
005 20250610114908.0
020 _a978-007-126747-2
082 _aLECT 658.3 BER
100 _aBERNARDIN, H. J.
245 _aHuman Resource Management: An Experiential Approach
250 _a5th Ed.
260 _aNew York,
_bMcGraw Hill,
_c2010.
300 _axiii, 813p.: ill.; figure, table
_bIndex
_c27cm.
942 _2ddc
_cBKS
999 _c3600
_d3600